| 000 | 01012nmm a2200289 a 4500 | ||
|---|---|---|---|
| 001 | ocm000552739 | ||
| 003 | TR-IsHL | ||
| 005 | 20201028123114.0 | ||
| 008 | 110704s2009 tu tur | ||
| 007 | cr cn | ||
| 020 | _a9789756743584 | ||
| 035 |
_a552739 _b(N$T) |
||
| 050 | 0 | 4 |
_aDR726 _b.M86 2009 |
| 090 | 0 | 4 |
_aDR726 _b.M86 2009 |
| 100 | 1 | _aMümtaz, Ahmet Semih | |
| 245 | 1 | 0 |
_aEvvel zaman içinde İstanbul ramazanları _h[electronic resource] / _cAhmet Semih Mümtaz ; haz. Selahattin Hacıoğlu |
| 250 | _a1. bs. | ||
| 260 |
_aİstanbul : _bKurtuba Yayınları, _c2009 |
||
| 300 | _a134 p. | ||
| 650 | 4 | _aDil ve Edebiyat | |
| 650 | 4 | _aLanguage and Literature | |
| 650 | 0 |
_aİstanbul (Türkiye) _x Sosyal yaşam ve gelenekler |
|
| 650 | 0 |
_aIstanbul (Turkey) _x Social life and customs |
|
| 650 | 7 |
_aSOCIAL SCIENCE / Customs & Traditions _2bisacsh |
|
| 700 | 1 | _aHacıoğlu, Selahattin | |
| 856 | 4 | 0 | _uhttp://search.ebscohost.com/login.aspx?direct=true&scope=site&db=e011xww&AN=552739 |
| 999 |
_c2225 _d2225 |
||